Uttar Pradesh local acts, 1836-1960 (Record no. 368956)

000 -LEADER
fixed length control field 00380cam a22001337a 4500
008 - FIXED-LENGTH DATA ELEMENTS--GENERAL INFORMATION
fixed length control field 180718b1962 xxu||||| |||| 00| 0 eng d
082 ## - DEWEY DECIMAL CLASSIFICATION NUMBER
Classification number A42x5421 H95
100 ## - MAIN ENTRY--PERSONAL NAME
Personal name Husain, Syed Mohammad
245 ## - TITLE STATEMENT
Title Uttar Pradesh local acts, 1836-1960
Statement of responsibility, etc. by Syed Mohammad Husain
250 ## - EDITION STATEMENT
Edition statement 3rd ed.
260 ## - PUBLICATION, DISTRIBUTION, ETC.
Place of publication, distribution, etc. Lucknow
Name of publisher, distributor, etc. Eastern
Date of publication, distribution, etc. 1962
300 ## - PHYSICAL DESCRIPTION
Extent 4v.
650 ## - SUBJECT ADDED ENTRY--TOPICAL TERM
Topical term or geographic name entry element Law - India (Uttar Pradesh)
Holdings
Withdrawn status Lost status Damaged status Not for loan Permanent Location Current Location Date acquired Full call number Barcode Date last seen Price effective from Koha item type
        Indian Institute of Public Administration Indian Institute of Public Administration 2010-05-04 A42x5421 H95 31754 2018-07-21 2018-07-21 Book
        Indian Institute of Public Administration Indian Institute of Public Administration 1994-05-30 A42x5421 H95 31753 2018-07-21 2018-07-21 Book

Powered by Koha